| Tag |
First Indicator |
Second Indicator |
Subfields |
| LEADER |
00000cam a22000008i 4500 |
| 001 |
in00000063283 |
| 005 |
20151008051731.0 |
| 008 |
791106s1980 nyu b 10100 eng |
| 010 |
|
|
|a 79003650
|
| 020 |
|
|
|a 0845100386
|
| 035 |
|
|
|a (OCoLC)05726518
|
| 035 |
|
|
|9 AAG9685AM
|
| 040 |
|
|
|a DLC
|c DLC
|d CHS
|d TXA
|d UtOrBLW
|
| 043 |
|
|
|a n-us---
|
| 049 |
|
|
|a TXAM
|c [1497363]
|
| 050 |
0 |
0 |
|a R724
|b .E822
|
| 082 |
0 |
|
|a 174/.2
|
| 096 |
|
|
|a W 50 E84 1980
|
| 245 |
0 |
0 |
|a Ethics, humanism, and medicine :
|b proceedings of three conferences /
|c sponsored by the Committee on Ethics, Humanism, and Medicine at the University of Michigan, 1978-1979 ; Marc D. Basson, editor.
|
| 263 |
|
|
|a 8001
|
| 264 |
|
1 |
|a New York :
|b A. R. Liss,
|c [1980]
|
| 264 |
|
4 |
|c ©1980
|
| 300 |
|
|
|a xxii, 321 pages ;
|c 24 cm.
|
| 336 |
|
|
|a text
|b txt
|2 rdacontent
|
| 337 |
|
|
|a unmediated
|b n
|2 rdamedia
|
| 338 |
|
|
|a volume
|b nc
|2 rdacarrier
|
| 490 |
1 |
|
|a Progress in clinical and biological research ;
|v v. 38
|
| 500 |
|
|
|a Includes indexes.
|
| 504 |
|
|
|a Bibliography: pages 311-317.
|
| 650 |
|
0 |
|a Medical ethics
|v Congresses.
|
| 650 |
|
0 |
|a Medical ethics
|v Case studies
|x Congresses.
|
| 650 |
|
0 |
|a Medical laws and legislation
|z United States
|x Congresses.
|
| 650 |
|
2 |
|a Ethics, Medical
|x congresses.
|
| 650 |
|
2 |
|a Legislation, Medical
|x congresses.
|
| 700 |
1 |
|
|a Basson, Marc D.
|
| 710 |
2 |
|
|a Committee on Ethics, Humanism, and Medicine.
|
| 830 |
|
0 |
|a Progress in clinical and biological research ;
|v v. 38.
|
| 999 |
|
|
|a MARS
|
| 999 |
f |
f |
|s 430a99ed-8109-3b3f-9d85-b5dc1ddf4bc6
|i 743f1b4d-fe86-33f4-9da8-e38a3a2a18da
|t 0
|
| 952 |
f |
f |
|p ric
|a Texas A&M University
|b Rellis Campus
|c Joint Library Facility
|d Remote Storage
|t 0
|e R724 .E822
|h Library of Congress classification
|i unmediated -- volume
|m A14805057782
|
| 998 |
f |
f |
|a R724 .E822
|t 0
|l Remote Storage
|